Clic Patrimoine de l'UNESCO - Quel pays en Afrique ? - Statistiques

Statistiques générales
  • Ce quiz a été pris 33 fois
  • Le résultat moyen est 10 sur 41
Statistiques - réponses
Hint Extra Hint Réponse % Correct
Casbah d'Alger. Algérie
92%
Memphis et sa nécropole, Les zones des pyramides de Gizeh à Dahchour Egypte
88%
Île de Mozambique Mozambique
88%
Tombouctou Mali
77%
Site archéologique de Carthage Tunisie
77%
Forts et châteaux de Volta, d'Accra et ses environs et des régions centrale et ouest Ghana
73%
Île de Gorée Sénégal
58%
Robben Island. Prison Afrique-du-Sud
46%
Asmara Erythrée
42%
Musée historique d'Abomey. Bénin
35%
Site archéologique de Leptis Magna Libye
31%
Chutes Victoria Zambie
31%
Site archéologique de Volubilis Maroc
27%
Cidade Velha. Sidadi Cap-Vert
23%
Atoll d'Aldabra Seychelles
23%
Parc national du Serengeti Tanzanie
23%
Mbanza-Kongo Vestiges Angola
15%
Delta de l'Okavango. Botswana
15%
Grand-Bassam. Côte d'ivoire
15%
Vieille ville de Lamu Kenya
15%
Anciens ksours de Ouadane, Chinguetti, Tichitt et Oualata Mauritanie
15%
Twyfelfontein Namibie
15%
Réserve de faune du Dja. Cameroun
12%
Île James Gambie
12%
Parc national de Nyungwe Rwanda
12%
Sites archéologiques de Méroé Soudan
12%
Tiya. Site archéologique Ethiopie
8%
Parc Maloti-Drakensberg Lesotho
8%
Colline royale d'Ambohimanga Madagascar
8%
Paysage culturel du Morne Brabant Maurice
8%
Centre historique d'Agadez Niger
8%
Ruines de Loropéni. Burkina Faso
4%
Parc national de la Lopé Gabon
4%
Paysage culturel des monts Nimba Guinée
4%
Paysage culturel de Sukur Nigeria
4%
Lacs d'Ounianga. Tchad
4%
Koutammakou, le pays des Batammariba Togo
4%
Ruines de Khami Zimbabwe
4%
Parc national du Manovo-Gounda St. Floris Centrafrique
0%
Art rupestre de Chongoni Malawi
0%
Forêt impénétrable de Bwindi Ouganda
0%
Aucun quiz correspondant
Distribution des résultats
% des personnes avec chaque résultat
Percentile par nombre de réponses
Votre historique - résultats
Vous n’avez pas pris ce quiz